Príprava rozšírenia a modernizácie materskej školy

Bibliographic Details
Format: Article
Language:Slovak
Subjects:

MARC

LEADER 00000nab a2200000 a 4500
001 vtls010636825
003 SK-MaSNL
005 20260305031744.0
008 141119 2014 xo q 000 0 slo
038 |a PPPK 
040 |a PPPKCL  |b slo  |c PPPK  |e AACR2 
041 0 |a slo 
044 |a xo  |c SK 
080 |a 373.24  |2 2001 
080 |a 69.059.3  |2 2001 
245 0 0 |a Príprava rozšírenia a modernizácie materskej školy 
500 |a Autor článku nie je uvedený. 
610 2 7 |a Materská škola (Spišská Belá, Slovensko)  |2 pppkcl  |9 1609273 
650 0 7 |a materské školy  |2 pppkcl  |9 1278 
650 0 7 |a rekonštrukcia budov  |2 pppkcl  |9 3966 
651 7 |a Spišská Belá (Slovensko)  |2 pppkcl  |9 16198 
651 7 |a Kežmarok (Slovensko : okres)  |2 pppkcl  |9 51824 
773 0 |t Spišskobeliansky spravodaj  |g Roč. 12, č. 7 (2014), s. 14 
852 |a PPPK  |b KIS3GCP 
999 |c 3317336  |d 3319266